Paper trade journal.

Bibliographic Details
New Title:Pulp & paper
Previous Title:Paper
Paper (New York, N.Y. : 1910)
Paper processing
Format: Journal
Language:English
Published: [New York] : [Vance Pub. Corp., etc.]
Subjects:
Online Availability: Check for online availability

MARC

Tag First Indicator Second Indicator Subfields
LEADER 00000cas a22000001 4500
001 in00000045490
005 20151007073116.0
008 751101d18721986nyumr p 0 a0eng
010 |a  48011360  
022 0 |a 0031-1197  |l 0031-1197  |2 1 
029 1 |a NLGGC  |b 045149321 
029 1 |a AU@  |b 000000933015 
029 1 |a ZWZ  |b 03642983X 
030 |a PTJOAD 
032 |a 443850  |b USPS 
035 |a (OCoLC)ocm01761851 
035 |a (OCoLC)1761851 
040 |a DLC  |b eng  |c MUL  |d HUL  |d NSD  |d COO  |d DLC  |d NSD  |d SER  |d AIP  |d NSD  |d AIP  |d NSD  |d AIP  |d OCL  |d NYG  |d NSD  |d NST  |d NSD  |d DLC  |d NST  |d HUL  |d OCLCQ  |d AGL  |d BNM  |d OCLCQ  |d OCLCF  |d OCLCO  |d IUL  |d OCLCO  |d UtOrBLW 
042 |a nsdp  |a pcc 
049 |a TXAM 
050 0 0 |a TS1080  |b .P2 
070 0 |a 302.8  |b P196 
072 0 |a K530 
210 0 |a Pap. trade j. 
222 0 |a Paper trade journal 
245 0 0 |a Paper trade journal. 
264 1 |a [New York] :  |b [Vance Pub. Corp., etc.] 
300 |a volumes :  |b illustrations, portraits ;  |c 30-50 cm. 
310 |a Monthly  |b June 30, 1984- 
321 |a Weekly,  |b May 27, 1872- 
321 |a Semimonthly,  |b <Apr. 15, 1979-> 
321 |a Semimonthly (except monthly in July and Dec.)  |b -June 15, 1984 
336 |a text  |b txt  |2 rdacontent 
337 |a unmediated  |b n  |2 rdamedia 
338 |a volume  |b nc  |2 rdacarrier 
362 1 |a Began with issue for May 27, 1872. 
362 0 |a -v. 170, no. 11; -Nov. 1986. 
500 |a Some issues also have distinctive titles. 
510 2 |a Chemical abstracts  |x 0009-2258  |b 1872-1986 
515 |a Vol. for Oct. 2, 1919 not published. 
515 |a Vols. -28, no. 21 called also no. -1308. 
650 0 |a Paper industry  |v Periodicals. 
650 7 |a Industria papelera. 
650 7 |a Paper industry.  |2 fast  |0 (OCoLC)fst01052447 
655 7 |a Periodicals.  |2 fast  |0 (OCoLC)fst01411641 
776 0 8 |i Online version:  |t Paper trade journal  |w (OCoLC)620058064 
780 0 5 |t Paper  |d Feb.-Nov. 1899  |g Nov. 16, 1899 
780 0 5 |t Paper (New York, N.Y. : 1910)  |x 0553-1438  |w (DLC)sn 91001776 
780 0 5 |t Paper processing  |g Mar. 1975  |w (OCoLC)1781052 
785 0 4 |t Pulp & paper  |x 0033-4081  |w (DLC) 30006118  |w (OCoLC)2480521 
850 |a CaOLU  |a CaOOEDC  |a CtY  |a DGW  |a DLC  |a DeU  |a DNAL  |a IaAS  |a LU  |a MnSU  |a N  |a P  |a PU-W  |a WM 
949 |a updated  |b h  |c 2015/5/22  |e spoltoratski  |f 2:49:00 pm  |g m 
994 |a C0  |b TXA 
999 |a MARS 
999 f f |s 63f7b302-2496-3e73-b9e8-938976eac5bb  |i f7a85391-88ed-3e0b-869d-75d93038b691  |t 0 
952 f f |a Texas A&M University  |b Rellis Campus  |c Joint Library Facility  |d Remote Storage  |e TS1080 .P2  |h Library of Congress classification  |i unmediated -- volume  |k v.158:no.26-39  |l 1974:July-Sept.  |m A14852442053  |p ric  |s JLF  |t 0 
952 f f |a Texas A&M University  |b Rellis Campus  |c Joint Library Facility  |d Remote Storage  |e TS1080 .P2  |h Library of Congress classification  |i unmediated -- volume  |k v.163:no.17-24  |l 1979:Sept.-Dec.  |m A14852442095  |p ric  |s JLF  |t 0 
952 f f |a Texas A&M University  |b Rellis Campus  |c Joint Library Facility  |d Remote Storage  |e TS1080 .P2  |h Library of Congress classification  |i unmediated -- volume  |k v.169:no.7-12  |l 1985:July-Dec.  |m A14852442863  |p ric  |s JLF  |t 0 
952 f f |a Texas A&M University  |b Rellis Campus  |c Joint Library Facility  |d Remote Storage  |e TS1080 .P2  |h Library of Congress classification  |i unmediated -- volume  |k v.160:no.1-6  |l 1976:Jan.-Mar.  |m A14852442590  |p ric  |s JLF  |t 0 
952 f f |a Texas A&M University  |b Rellis Campus  |c Joint Library Facility  |d Remote Storage  |e TS1080 .P2  |h Library of Congress classification  |i unmediated -- volume  |k v.167:no.1-8  |l 1983:Jan.-Apr.  |m A14852443119  |p ric  |s JLF  |t 0 
952 f f |a Texas A&M University  |b Rellis Campus  |c Joint Library Facility  |d Remote Storage  |e TS1080 .P2  |h Library of Congress classification  |i unmediated -- volume  |k v.156:no.1-13  |l 1972:Jan.-Mar.  |m A14852442038  |p ric  |s JLF  |t 0 
952 f f |a Texas A&M University  |b Rellis Campus  |c Joint Library Facility  |d Remote Storage  |e TS1080 .P2  |h Library of Congress classification  |i unmediated -- volume  |k v.164:no.9-16  |l 1980:May-Aug.  |m A14852442236  |p ric  |s JLF  |t 0 
952 f f |a Texas A&M University  |b Rellis Campus  |c Joint Library Facility  |d Remote Storage  |e TS1080 .P2  |h Library of Congress classification  |i unmediated -- volume  |k v.166:no.17-23/24  |l 1982:Sept.-Dec.  |m A14852442970  |p ric  |s JLF  |t 0 
952 f f |a Texas A&M University  |b Rellis Campus  |c Joint Library Facility  |d Remote Storage  |e TS1080 .P2  |h Library of Congress classification  |i unmediated -- volume  |k v.157:no.14-26  |l 1973:Apr.-June  |m A14852442046  |p ric  |s JLF  |t 0 
952 f f |a Texas A&M University  |b Rellis Campus  |c Joint Library Facility  |d Remote Storage  |e TS1080 .P2  |h Library of Congress classification  |i unmediated -- volume  |k v.166:no.9-16  |l 1982:May-Aug.  |m A14852443101  |p ric  |s JLF  |t 0 
952 f f |a Texas A&M University  |b Rellis Campus  |c Joint Library Facility  |d Remote Storage  |e TS1080 .P2  |h Library of Congress classification  |i unmediated -- volume  |k v.156:no.28-40  |l 1972:July-Sept.  |m A14852442434  |p ric  |s JLF  |t 0 
952 f f |a Texas A&M University  |b Rellis Campus  |c Joint Library Facility  |d Remote Storage  |e TS1080 .P2  |h Library of Congress classification  |i unmediated -- volume  |k v.157:no.27-32,34-39  |l 1973:July 2-Aug.6,Aug.20-Sept.24  |m A14852442574  |p ric  |s JLF  |t 0 
952 f f |a Texas A&M University  |b Rellis Campus  |c Joint Library Facility  |d Remote Storage  |e TS1080 .P2  |h Library of Congress classification  |i unmediated -- volume  |k v.159:no.11-16  |l 1975:Apr.-June  |m A14852442327  |p ric  |s JLF  |t 0 
952 f f |a Texas A&M University  |b Rellis Campus  |c Joint Library Facility  |d Remote Storage  |e TS1080 .P2  |h Library of Congress classification  |i unmediated -- volume  |k v.163:no.1-7  |l 1979:Jan.-Apr.  |m A14852442350  |p ric  |s JLF  |t 0 
952 f f |a Texas A&M University  |b Rellis Campus  |c Joint Library Facility  |d Remote Storage  |e TS1080 .P2  |h Library of Congress classification  |i unmediated -- volume  |k v.160:no.7-12  |l 1976:Apr.-June  |m A14852442467  |p ric  |s JLF  |t 0 
952 f f |a Texas A&M University  |b Rellis Campus  |c Joint Library Facility  |d Remote Storage  |e TS1080 .P2  |h Library of Congress classification  |i unmediated -- volume  |k v.155:no.27-39  |l 1971:July-Sept.  |m A14852442293  |p ric  |s JLF  |t 0 
952 f f |a Texas A&M University  |b Rellis Campus  |c Joint Library Facility  |d Remote Storage  |e TS1080 .P2  |h Library of Congress classification  |i unmediated -- volume  |k v.158:no.40-51/52  |l 1974:Oct.-Dec.  |m A14852442582  |p ric  |s JLF  |t 0 
952 f f |a Texas A&M University  |b Rellis Campus  |c Joint Library Facility  |d Remote Storage  |e TS1080 .P2  |h Library of Congress classification  |i unmediated -- volume  |k v.158:no.13-25  |l 1974:Apr.-June  |m A14852442186  |p ric  |s JLF  |t 0 
952 f f |a Texas A&M University  |b Rellis Campus  |c Joint Library Facility  |d Remote Storage  |e TS1080 .P2  |h Library of Congress classification  |i unmediated -- volume  |k v.158:no.1-5,7-12  |l 1974:Jan.7-Feb.4,Feb.18-Mar.25  |m A14852442319  |p ric  |s JLF  |t 0 
952 f f |a Texas A&M University  |b Rellis Campus  |c Joint Library Facility  |d Remote Storage  |e TS1080 .P2  |h Library of Congress classification  |i unmediated -- volume  |k v.161:no.7-12  |l 1977:Apr.-June  |m A14852442608  |p ric  |s JLF  |t 0 
952 f f |a Texas A&M University  |b Rellis Campus  |c Joint Library Facility  |d Remote Storage  |e TS1080 .P2  |h Library of Congress classification  |i unmediated -- volume  |k v.156:no.14-27  |l 1972:Apr.-June  |m A14852442566  |p ric  |s JLF  |t 0 
952 f f |a Texas A&M University  |b Rellis Campus  |c Joint Library Facility  |d Remote Storage  |e TS1080 .P2  |h Library of Congress classification  |i unmediated -- volume  |k v.161:no.1-6  |l 1977:Jan.-Mar.  |m A14852442079  |p ric  |s JLF  |t 0 
952 f f |a Texas A&M University  |b Rellis Campus  |c Joint Library Facility  |d Remote Storage  |e TS1080 .P2  |h Library of Congress classification  |i unmediated -- volume  |k v.160:no.13-18  |l 1976:July-Sept.  |m A14852442335  |p ric  |s JLF  |t 0 
952 f f |a Texas A&M University  |b Rellis Campus  |c Joint Library Facility  |d Remote Storage  |e TS1080 .P2  |h Library of Congress classification  |i unmediated -- volume  |k v.170:no.7-11  |l 1986:July-Nov.  |m A14852443135  |p ric  |s JLF  |t 0 
952 f f |a Texas A&M University  |b Rellis Campus  |c Joint Library Facility  |d Remote Storage  |e TS1080 .P2  |h Library of Congress classification  |i unmediated -- volume  |k v.161:no.13-18  |l 1977:July-Sept.  |m A14852442475  |p ric  |s JLF  |t 0 
952 f f |a Texas A&M University  |b Rellis Campus  |c Joint Library Facility  |d Remote Storage  |e TS1080 .P2  |h Library of Congress classification  |i unmediated -- volume  |k v.167:no.16-22  |l 1983:Sept.-Dec.  |m A14852442988  |p ric  |s JLF  |t 0 
952 f f |a Texas A&M University  |b Rellis Campus  |c Joint Library Facility  |d Remote Storage  |e TS1080 .P2  |h Library of Congress classification  |i unmediated -- volume  |k v.157:no.40-53  |l 1973:Oct.-Dec.  |m A14852442442  |p ric  |s JLF  |t 0 
952 f f |a Texas A&M University  |b Rellis Campus  |c Joint Library Facility  |d Remote Storage  |e TS1080 .P2  |h Library of Congress classification  |i unmediated -- volume  |k v.160:no.19-24  |l 1976:Oct.-Dec.  |m A14852442202  |p ric  |s JLF  |t 0 
952 f f |a Texas A&M University  |b Rellis Campus  |c Joint Library Facility  |d Remote Storage  |e TS1080 .P2  |h Library of Congress classification  |i unmediated -- volume  |k v.155:no.14-26  |l 1971:Apr.-June  |m A14852442426  |p ric  |s JLF  |t 0 
952 f f |a Texas A&M University  |b Rellis Campus  |c Joint Library Facility  |d Remote Storage  |e TS1080 .P2  |h Library of Congress classification  |i unmediated -- volume  |k v.165:no.17-24  |l 1981:Sept.-Dec.  |m A14852442129  |p ric  |s JLF  |t 0 
952 f f |a Texas A&M University  |b Rellis Campus  |c Joint Library Facility  |d Remote Storage  |e TS1080 .P2  |h Library of Congress classification  |i unmediated -- volume  |k v.162:no.9-15  |l 1978:May-Aug.  |m A14852442087  |p ric  |s JLF  |t 0 
952 f f |a Texas A&M University  |b Rellis Campus  |c Joint Library Facility  |d Remote Storage  |e TS1080 .P2  |h Library of Congress classification  |i unmediated -- volume  |k v.170:no.1-6  |l 1986:Jan.-June  |m A14852442731  |p ric  |s JLF  |t 0 
952 f f |a Texas A&M University  |b Rellis Campus  |c Joint Library Facility  |d Remote Storage  |e TS1080 .P2  |h Library of Congress classification  |i unmediated -- volume  |k v.163:no.9-16  |l 1979:May-Aug.  |m A14852442228  |p ric  |s JLF  |t 0 
952 f f |a Texas A&M University  |b Rellis Campus  |c Joint Library Facility  |d Remote Storage  |e TS1080 .P2  |h Library of Congress classification  |i unmediated -- volume  |k v.164:no.1-8  |l 1980:Jan.-Apr.  |m A14852442368  |p ric  |s JLF  |t 0 
952 f f |a Texas A&M University  |b Rellis Campus  |c Joint Library Facility  |d Remote Storage  |e TS1080 .P2  |h Library of Congress classification  |i unmediated -- volume  |k v.159:no.1-10  |l 1975:Jan.-Mar.  |m A14852442459  |p ric  |s JLF  |t 0 
952 f f |a Texas A&M University  |b Rellis Campus  |c Joint Library Facility  |d Remote Storage  |e TS1080 .P2  |h Library of Congress classification  |i unmediated -- volume  |k v.165:no.1-8  |l 1981:Jan.-Apr.  |m A14852442244  |p ric  |s JLF  |t 0 
952 f f |a Texas A&M University  |b Rellis Campus  |c Joint Library Facility  |d Remote Storage  |e TS1080 .P2  |h Library of Congress classification  |i unmediated -- volume  |k v.155:no.1-13  |l 1971:Jan.-Mar.  |m A14852442558  |p ric  |s JLF  |t 0 
952 f f |a Texas A&M University  |b Rellis Campus  |c Joint Library Facility  |d Remote Storage  |e TS1080 .P2  |h Library of Congress classification  |i unmediated -- volume  |k v.157:no.1-13  |l 1973:Jan.-Mar.  |m A14852442178  |p ric  |s JLF  |t 0 
952 f f |a Texas A&M University  |b Rellis Campus  |c Joint Library Facility  |d Remote Storage  |e TS1080 .P2  |h Library of Congress classification  |i unmediated -- volume  |k v.168:no.1-12  |l 1984:Jan.-June  |m A14852442855  |p ric  |s JLF  |t 0 
952 f f |a Texas A&M University  |b Rellis Campus  |c Joint Library Facility  |d Remote Storage  |e TS1080 .P2  |h Library of Congress classification  |i unmediated -- volume  |k v.162:no.1-8  |l 1978:Jan.-Apr.  |m A14852442210  |p ric  |s JLF  |t 0 
952 f f |a Texas A&M University  |b Rellis Campus  |c Joint Library Facility  |d Remote Storage  |e TS1080 .P2  |h Library of Congress classification  |i unmediated -- volume  |k v.155:no.40-52  |l 1971:Oct.-Dec.  |m A14852442160  |p ric  |s JLF  |t 0 
952 f f |a Texas A&M University  |b Rellis Campus  |c Joint Library Facility  |d Remote Storage  |e TS1080 .P2  |h Library of Congress classification  |i unmediated -- volume  |k v.167:no.9-15  |l 1983:May-Aug.  |m A14813821103  |p ric  |s JLF  |t 0 
952 f f |a Texas A&M University  |b Rellis Campus  |c Joint Library Facility  |d Remote Storage  |e TS1080 .P2  |h Library of Congress classification  |i unmediated -- volume  |k v.159:no.17-22  |l 1975:July-Sept.  |m A14852442194  |p ric  |s JLF  |t 0 
952 f f |a Texas A&M University  |b Rellis Campus  |c Joint Library Facility  |d Remote Storage  |e TS1080 .P2  |h Library of Congress classification  |i unmediated -- volume  |k v.156:no.41-53  |l 1972:Oct.-Dec.  |m A14852442301  |p ric  |s JLF  |t 0 
952 f f |a Texas A&M University  |b Rellis Campus  |c Joint Library Facility  |d Remote Storage  |e TS1080 .P2  |h Library of Congress classification  |i unmediated -- volume  |k v.159:no.23-28  |l 1975:Oct.-Dec.  |m A14852442061  |p ric  |s JLF  |t 0 
952 f f |a Texas A&M University  |b Rellis Campus  |c Joint Library Facility  |d Remote Storage  |e TS1080 .P2  |h Library of Congress classification  |i unmediated -- volume  |k v.165:no.9-16  |l 1981:May-Aug.  |m A14852442111  |p ric  |s JLF  |t 0 
952 f f |a Texas A&M University  |b Rellis Campus  |c Joint Library Facility  |d Remote Storage  |e TS1080 .P2  |h Library of Congress classification  |i unmediated -- volume  |k v.166:no.1-8  |l 1982:Jan.-Apr.  |m A14852443093  |p ric  |s JLF  |t 0 
952 f f |a Texas A&M University  |b Rellis Campus  |c Joint Library Facility  |d Remote Storage  |e TS1080 .P2  |h Library of Congress classification  |i unmediated -- volume  |k v.169:no.1-6  |l 1985:Jan.-June  |m A14852442996  |p ric  |s JLF  |t 0 
952 f f |a Texas A&M University  |b Rellis Campus  |c Joint Library Facility  |d Remote Storage  |e TS1080 .P2  |h Library of Congress classification  |i unmediated -- volume  |k v.164:no.17-24  |l 1980:Sept.-Dec.  |m A14852442103  |p ric  |s JLF  |t 0 
952 f f |a Texas A&M University  |b Rellis Campus  |c Joint Library Facility  |d Remote Storage  |e TS1080 .P2  |h Library of Congress classification  |i unmediated -- volume  |k v.162:no.17-24  |l 1978:Sept.-Dec.  |m A14852442483  |p ric  |s JLF  |t 0 
952 f f |a Texas A&M University  |b Rellis Campus  |c Joint Library Facility  |d Remote Storage  |e TS1080 .P2  |h Library of Congress classification  |i unmediated -- volume  |k v.168:no.13-18  |l 1984:July-Dec.  |m A14852443127  |p ric  |s JLF  |t 0 
952 f f |p default  |a Texas A&M University  |b College Station  |c Sterling C. Evans Library  |s Evans mtxt film  |d Evans: Microforms Film (3rd floor)  |t 0  |e TS1080 .P2  |h Library of Congress classification  |i unmediated -- volume 
998 f f |a TS1080 .P2  |s v.159-170 (1975-1986)  |t 0  |l Remote Storage 
998 f f |a TS1080 .P2  |s v.1 (1872)-v.163 (1979)  |t 0  |l Evans: Microforms Film (3rd floor)